000 00431cam a2200169ua 4500
041 _aeng
_h
082 _a630.913
_bJEM/IN
100 _aTempany, Harold .
245 _aIntroduction to tropical agriculture /
_cHarold Tempany.
_hTextual Documents
250 _a1 /
_b.
260 _aLondon :
_bLongman Green and Co ,
_c1966.
300 _a847 ; .
504 _a
700 1 _aGrist, D H.
942 _cBK
999 _c8776
_d8776